000 01345nkm a2200313 i 4500
001 4008
003 ES-MaACL
005 20250713062906.0
007 khrbo
008 070621s1987 sp --- g |001||spa d
100 0 _aAlfonso,
_d1902-1990
_919858
245 1 0 _aChernobyl nunca más [
_hFotografía]
_b: la energía nuclear a debate /
_cAlfonso (sello).
260 _a[S.l. :
_bs.n.],
_c1987.
300 _a2 fot. :
_bb. y n. ;
_c12 x 18 cm.
500 _aDatos basados en invitación.
511 0 _aIntervienen: Javier Baku, Ladislao Martínez, José Martín Neira, Miguel Yuste.
518 _aActo organizado por el Ateneo de Madrid en colaboración con la Agrupación Especial de Ateneístas por la Paz y Los Verdes, celebrado en el salón de actos el sábado, 25 de abril de 1987, a las 19:30 h.
600 1 4 _aBaku, Javier.
_924788
600 1 4 _aMartínez, Ladislao.
_977781
600 1 4 _aMartín Neira, José.
_977585
600 1 4 _aYuste, Miguel.
_9117759
610 2 4 _aAteneo de Madrid-
_xActos culturales-
_y1987-
_vFotografías.
_91902
710 2 _aAteneo de Madrid.
_91875
710 2 _aAgrupación Ateneísta por la Paz.
_91278
710 2 _aLos Verdes.
_95557
852 _aES-MaACL
_jFOT 73/1987
856 4 _uhttp://www.ateneodemadrid.net/biblioteca_digital/imagenes/1987/0073-1987.jpg
_zVer imagen
999 _c4008
_d4008